000 00290nam a22001337a 4500
008 180116b xxu||||| |||| 00| 0 eng d
020 _a0810911027
041 _aeng
080 _a710
100 _a44
101 _aART
245 _aItalian Painting
_cVsevolozhskaya, S
942 _2udc
_cBK
999 _c40366
_d40366